000 00300nam a2200133 i 4500
001 bg
100 1 _aKOSIDOWSKI, Z.
245 0 _aOpowieści biblijne /
_cZ. Kosidowski.
260 _aWarszawa,
_c1987.
040 _cBPK
041 _apol
942 _cKS
008 s pl f |000 0 pol
999 _c23528
_d23528
856 _uhttp://koha.tu.koszalin.pl/cgi-bin/koha/opac-detail.pl?biblionumber=23528
_yKatalog online BPK